000
00333nam a22001457a 4500
008
221111b ||||| |||| 00| 0 eng d
020
_a
020150393
041
_a
eng
080
_2
VOLUME 1
_a
159.9
082
_a
159.9 ELL
100
_a
25
101
_a
PSI
245
_a
TRENDS IN THEORETICAL PHYSICS
_c
ELLIS J.P
942
_2
udc
_c
BK
999
_c
58864
_d
58864